Missing Word: 'P'-ping Toms Quiz Stats

Quiz Updated Apr 27, 2016

Challenge
Share
Tweet
Embed
Score 0/18 Timer 03:00
0 Plays Today
Title Missing Word % Correct
Saving ________ RyanPrivate
99.6%
Midnight in ______Paris
87.7%
The ______ ExpressPolar
86.7%
New England _________Patriots
86.3%
Clear and _______ DangerPresent
86.1%
Sucker _______Punch
85.7%
Girl with a _______ EarringPearl
81.8%
What's New ___________?Pussycat
78.6%
_________ FencesPicket
70.4%
Title Missing Word % Correct
________ WizardPinball
67.8%
Mission: Impossible - Ghost _________Protocol
58.5%
A ______ of Blue EyesPair
48.9%
A ________ Home CompanionPrairie
45.3%
The Imaginarium of Doctor ___________Parnassus
29.2%
__________ AndroidParanoid
28.9%
At _____ in the Fields of the LordPlay
20.8%
Poisoning _______ in the ParkPigeons
13.4%
Hard _________Promises
4.7%

Today's Daily Dose

Missing Word
1971 Movies A-Z

Word Ladder
Complete Tour

Quick Pick
Logo Colors

On This Day
January 19th

You're not logged in!

Compare scores with friends on all Sporcle quizzes.
Sign Up with Email
OR
Log In

You Might Also Like...

Show Comments

Extras

Top Quizzes Today


Score Distribution

Your Account Isn't Verified!

In order to create a playlist on Sporcle, you need to verify the email address you used during registration. Go to your Sporcle Settings to finish the process.